000 01492cam a2200301 i 4500
003 SA-RiAUC
005 20240915141334.0
008 240912s1989 ua g 00000 ara c
040 _aSA-RiKSU
_bara
_cSA-RiAUC
_erda
082 0 4 _a253.4
090 _a253.4
_b ا ب و ش
100 1 _aأبو شهبة، محمد بن محمد،
_d1914-1983
_eمؤلف.
245 1 0 _aحلول لمشكلة الربا /
_cمحمد أبو شهبة. معه، تنبيهات هامة وفتاوى في بيان بطلان المعاملات الربوية المصرفية وغيرها / عبد العزيز بن باز.
250 _aالطبعة الثانية.
264 1 _aالقاهرة :
_bمكتبة السنة،
_c1989
300 _a143 صفحة ؛
_c24 سم
336 _aنص
_btxt
_2rdacontent
_3كتاب
337 _aبدون وسيط
_bn
_2rdamedia
338 _aمجلد
_bnc
_2rdacarrier
650 7 _aالربا (فقه إسلامي)
_2aucsh
650 7 _aالمعاملات (فقه إسلامي)
_2aucsh
650 7 _aالاقتصاد الإسلامي
_2aucsh
700 1 2 _aابن باز، عبد العزيز بن عبد الله بن عبد الرحمن،
_d1332-1420 هجري
_tتنبيهات هامة وفتاوى في بيان بطلان المعاملات الربوية.
740 0 2 _aتنبيهات هامة وفتاوى في بيان بطلان المعاملات الربوية.
942 _2ddc
_cBOOK
949 _aSA-JeALM
_d240912
_umohamedma123
_n1
999 _c261
_d261